00700 a2200157 4500003000500000005001700005040000900022082001000031100002600041245007000067260003700137300000900174505030400183538003200487650002300519Nust20170207154059.0 cNust a604.2 aT.H.Hewitt, A.M.I.E.E aElectrical Drawing for National CertificatecTH Hewitt ,A.M.I.E.E alondonbCleaver-Hume Pressc1963 a134p a1.fundamentals (page 1)2.standards(page 22)3.geometrical drawing (page 46)4.dimensions(page 63)5.section views(page 71)6.further exercises in orthographic projection(page 78)7.details to be asembled(page 94)8.workshop drawing (page 112)9.design (page 128)10.printed circuits(page 147)index(page 167) aAlmirah No.28and Shelf No.1 aElectrical Drawing